000
00285nam a2200121Ia 4500
008
190216s9999||||xx |||||||||||||| ||und||
100
_a
Gupta R L
245
0
_a
Advanced Accounting Vol 1
260
_b
S Chand & Co
_c
1991
300
_a
1513
650
_a
Commerce-Accounting
942
_c
BK
999
_c
5500
_d
5500